Регионална библиотека "Любен Каравелов" - Русе

Българско гражданско процесуално право (Запис номер 50260)

MARC детайли
000 -Лидер
Контролно поле с фиксирана дължина 02358nam a2200397 c 4500
003 - Код на организацията, давaща контролен номер
Контролно поле BLK
005 - Дата и час на последна редакция
Контролно поле 20221015113344.0
008 - Елементи от данни с фиксирана дължина
fixed length control field 180408b bul|||||r ||||||| ||bul||
010 ## - Наследен системен номер
LC control number KNG00054131000
020 ## - Международен стандартен номер на книга ISBN
Международен стандартен номер на книга ISBN 954-649-688-Х
-- издат.: Сиела Софт енд Паблишинг
040 ## - Източник на каталожния запис
Идентификатор на билиотеката - собственик на записа BLK
041 ## - Код за език
Код за езика на текст/звукозапис или на отделно заглавие Български
Код за езика КДБФ Български
080 ## - УДК
Текстов определител УДК Гражданско съдопроизводство. Граждански процес. - Видове гражданско съдопроизводство:арбитражна, опростени процедури за по-дребни случаи, формалности при съдебна процедура, разследване, доказване
УДК код - определител по УДК 347.91/.95
УДК определител (497.2)(075.8)
УДК - код + определител 347.91/.95(497.2)(075.8)
100 1# - Редна дума - Автор
Автор Сталев, Живко Стоянов
Авторска отговорност първи автор
R(LIN) 366570
139 ## - Редно поле
Редна дума Българско гражданско процесуално право
Авторски знак Бъл - Б 92
245 10 - Сведения за заглавието
Заглавие Българско гражданско процесуално право
Редно поле (дума) Живко Стоянов Сталев; * Анелия Йорданова Мингова; * Валентина Методиева Попова; * Ружа Денева Иванова.
250 ## - Област на изданието
Сведения за изданието 8. доп. и прераб. изд.
257 ## - Страна на издаване
Страна на създаване/издаване България
260 ## - Област на издателските данни
-- София
Име на издателя, разпространителя и проч. Сиела Софт енд Паблишинг
Година на издаване 2004
300 ## - Физическа характеристика
Страници 1104 с.
Размери/Мащаб 24 см
380 ## - Жанр
Жанр Обществени науки
500 ## - Общи забележки
Забележка 1. изд. 1966 на изд. Наука и изкуство. - В кн. означено 8. доп. и прераб. изд. - Библиогр. с. 1035-1062 ; Предм. показалец, Показалец на нормат. актове. - Офс. изд. - Доп. тир. 2006.
650 #4 - Допълнително описание по предмет – тема
Основно описание – тема или топоним Граждански процес - България - учебници за ВУЗ
9 (RLIN) 248693
653 ## - Ключова дума – ненормативна
Ключова дума граждански процес
653 ## - Ключова дума – ненормативна
Ключова дума гражданско право
653 ## - Ключова дума – ненормативна
Ключова дума България
653 ## - Ключова дума – ненормативна
Ключова дума учебници за ВУЗ
700 1# - Други автори (авторска отговорност)
Лично име Мингова, Анелия Йорданова
9 (RLIN) 368451
700 1# - Други автори (авторска отговорност)
Лично име Попова, Валентина Методиева
9 (RLIN) 368452
700 1# - Други автори (авторска отговорност)
Лично име Иванова, Ружа Денева
9 (RLIN) 283101
852 ## - Местоположение
Форматна сигнатура Цб 223947
856 4# - Електронен адрес и достъп
Електронен формат pdf - файл
Път до файла /url/
856 4# - Електронен адрес и достъп
Електронен формат pdf - файл
Път до файла /url/
942 ## - АРТИКУЛИ
Вид на библиотечния материал Книги
Скрит в OPAC Не
Koha issues (borrowed), all copies 3
944 ## - СЪЗДАВАНЕ И РЕДАКЦИЯ на ЗАПИСА
Създаване/Редакция Създаване
Дата на регистрацията/редакция 01.06.2005
Служител, извършил регистрацията/редакцията Наталия_Медовщикова
944 ## - СЪЗДАВАНЕ И РЕДАКЦИЯ на ЗАПИСА
Създаване/Редакция Редакция
Дата на регистрацията/редакция 18.01.2013
Служител, извършил регистрацията/редакцията
999 ## - СИСТЕМНИ КОНТРОЛНИ НОМЕРА
Koha biblionumber 50260
Koha biblioitemnumber 50260
Наличности
Код за отписване Код за изгубен артикул Код за повреда Коз за рестрикции Код за отдаване Артикулен № Име на библиотеката - собственик Име на библиотеката, в която се намира в момента Статус (Текущо местоположение) Дата на вписване в системата Местоположение - отдел Цена в лева Инвентарен номер Систематично азбучна сигнатура Баркод Номер на екземпляра Цена в евро Служебна бележка Служебен тип на артикула Източник на класификационната схема
  Не е изгубен Не е повреден без рестрикции ползва се в читалня 78669 Регионална библиотека "Любен Каравелов" Русе Регионална библиотека "Любен Каравелов" Русе Хранилище 2005-05-31 Основен фонд - ползва се само за читалня 39.00 120000694626 Цб 223947 120000694626 1 19.94 Дост: Pk Вид: Ф N: 5 Дата: 31.05.2005 Дата инв: 04.06.2010 Бележки инв: 2010 Книги  
  Не е изгубен Не е повреден без рестрикции заемане за дома 78670 Регионална библиотека "Любен Каравелов" Русе Регионална библиотека "Любен Каравелов" Русе Заемна - подръчен фонд 2008-03-25 Заемна - подръчен фонд 39.00 120000724801 П 347(497.2)/Б 92 120000724801 2 19.94 Дост: Pk Вид: Ф N: 1730 Дата: 22.03.2008 Дата инв: 29.01.2015 Бележки инв: П2015 Книги Universal Decimal Classification
Vip Innovations Ltd, Rousse, Bulgaria 2025